USA-Canadá-México-Caribe: ¿Hacia un mercado común?
Furkejuvvon:
| Materiálatiipa: | Texto |
|---|---|
| Fáttát: | |
| Fáddágilkorat: |
Lasit fáddágilkoriid
Eai fáddágilkorat, Lasit vuosttaš fáddágilkora!
|
MARC
| LEADER | 00000 a a2200000 04500 | ||
|---|---|---|---|
| 001 | 17899 | ||
| 003 | |||
| 040 | |||
| 245 | |a USA-Canadá-México-Caribe: |b ¿Hacia un mercado común? | ||
| 650 | |a MERCADOS COMUNES | ||
| 650 | |a PETROLEO | ||
| 650 | |a RECURSOS NATURALES | ||
| 650 | |a IZQUIERDA | ||
| 773 | |g volumen 3, número 49; páginas 457-258 | ||
| 999 | |c 39010 |d 39010 | ||
| 773 | 0 | |0 42391 |9 3759 |a Agencia Latinoamericana de Información, ALAI |d Quito, Ecuador: ALAI |o 03811 |t ALAI: |x 08275564 (Servicio mensual de información y documentación) | |
